00739nam a2200217Ii 45000010005000000030009000050080041000140400033000550410008000880820014000961000027001102450056001372640035001933000012002283360026002403370028002663380027002949400050003219990017003719520133003882990CO-ViMGA241108s9999||||xx |||||||||||||| ||und|| aCO-ViMGAbspaerdacCO-ViMGA0 aspa04a177 P446c1 aJ.G. Peristiany94816510aEl concepto del honor en la sociedad mediterránea 1aMadrid, España : Labor, 1968 avolumen atextbtxt2rdacontent aunmediatedbn2rdamedia avolumebnc2rdacarrier aidficha_siabuc: 2923. -- ficha_no_siabuc:2990 c42806d42806 001040708001aMEVIGERRbMEVIGERRcGENd2006-11-27o177 P446cpECA1062r2024-11-26 09:06:46tEj.1w2024-11-26yBKz2923 | 4048